Derecho individual del trabajo

Saved in:
Bibliografiske detaljer
Hovedforfatter: Pierry Vargas, Lucía (autora)
Format: Bog
Sprog:spansk
Udgivet: Santiago DER Ediciones Limitada 2018
Udgivelse:1a. ed
Serier:Cuadernos Jurídicos de la Academia Judicial
Fag:
Tags: Tilføj Tag
Ingen Tags, Vær først til at tagge denne postø!

MARC

LEADER 00000cam a2200000 a 4500
001 UCC6271
003 CL-VaPUC
008 181130e20180000cl |||||||||||||||||spa|d
020 |a 9789569959370 
082 0 4 |a 344.8301  |b PIE  |2 21 
100 |a Pierry Vargas, Lucía  |e autora  |9 832224 
245 1 0 |a Derecho individual del trabajo 
250 |a 1a. ed 
300 |a 190 p 
942 |c BK 
945 |d 20181130 13:53:00  |a dcastane 
260 |a Santiago  |b DER Ediciones Limitada  |c 2018 
650 7 |a DERECHO LABORAL  |2 CL-VaPUC  |9 15 
650 0 |a Relaciones laborales   |9 335971 
650 0 |a Trabajo y empleo  |9 315054 
583 |a last modification  |c 20181130 13:53:00  |k Rodrigo Vera 
490 0 |a Cuadernos Jurídicos de la Academia Judicial 
999 |c 373255  |d 373253 
952 |0 0  |1 0  |3 erb  |4 0  |6 344_830100000000000_PIE_2018  |7 0  |8 A  |9 491321  |a BIBDER  |b BIBDER  |i 5519268  |l 7  |m 3  |o 344.8301 PIE 2018  |p 5519268  |r 2024-11-15  |s 2024-11-08  |w 2019-11-24  |y BK  |z Catalogado en:20181130  |k DER